skbl

Dr Suryya Kumar Bhuyan Library Web-OPAC
ডঃ সূৰ্য্য
কুমাৰ ভূঞা পুথিভঁৰাল ৱেব-অ'পেক

All Research Scholars are advised to clear the annual library fees to continue using Library Resources, Remote Access, Plagiarism Test and Library Clearance.

Cotton University Book Fair 2026

Life and times of Louis XIV / (Record no. 660)

MARC details
000 -LEADER
fixed length control field 00631nam a2200253Ia 4500
001 - CONTROL NUMBER
control field 662
005 - DATE AND TIME OF LATEST TRANSACTION
control field 20240113233423.0
007 - PHYSICAL DESCRIPTION FIXED FIELD--GENERAL INFORMATION
fixed length control field ta
008 - FIXED-LENGTH DATA ELEMENTS--GENERAL INFORMATION
fixed length control field 050122s1968 a g b000 u eng u
020 ## - INTERNATIONAL STANDARD BOOK NUMBER
Terms of availability HB
040 ## - CATALOGING SOURCE
Original cataloging agency Ref. stack
041 ## - LANGUAGE CODE
Language code of text/sound track or separate title eng
082 ## - DEWEY DECIMAL CLASSIFICATION NUMBER
Classification number 944.03
Item number Or 181 Li
100 ## - MAIN ENTRY--PERSONAL NAME
Personal name Orlandi, Enzo .
245 #0 - TITLE STATEMENT
Title Life and times of Louis XIV /
Statement of responsibility, etc. Enzo Orlandi ed.
Medium Textual Documents
250 ## - EDITION STATEMENT
Edition statement 2nd ed /
260 ## - PUBLICATION, DISTRIBUTION, ETC.
Place of publication, distribution, etc. London :
Name of publisher, distributor, etc. Paul Hamlyn ,
Date of publication, distribution, etc. 1968.
300 ## - PHYSICAL DESCRIPTION
Extent 75p. :
Other physical details ill ;
Dimensions 28cm .
653 ## - INDEX TERM--UNCONTROLLED
Uncontrolled term History of France
700 ## - ADDED ENTRY--PERSONAL NAME
Personal name Richards, C.J .
942 ## - ADDED ENTRY ELEMENTS (KOHA)
Source of classification or shelving scheme Dewey Decimal Classification
Koha item type Books
Holdings
Withdrawn status Lost status Damaged status Not for loan Collection Home library Current library Date acquired Coded location qualifier Total checkouts Full call number Barcode Date last seen Copy number Price effective from Koha item type
          Dr. Suryya Kumar Bhuyan Library Dr. Suryya Kumar Bhuyan Library 01/02/2012 00000   944.03 Or 181 Li 68937/75 13/01/2024 1 01/02/2012 Books

Designed and Maintained by Team SKBL
©1901-2026

Powered by Koha